00758 2200169 4500245006000000020002200060250001100082100001800093650002000111005001900131260003400150041001400184084001000198300002700208500034400235336000900579 aMbah Surip b : I Love You Full !cMartin HaidarhText a978-979-19951-2-2 aCet. 1 aMartin Haidar aBiografi Musisi a20230927073830 aYogyakartabBale Siasatc2009 aIndonesia a927.8 aviii, 96 hlm. :cilus. aMbah Surip atau Urip Ariyanto adalah fenomena antitesis dalam jagat selebritas di Indonesia. Ia yang tak lagi muda tenar lewat lagu Tak Gendong, yang liriknya bukan kisah cinta melainkan satir lugas. Mbah Surip telah mematahkan asumsi bahwa dunia hiburan iu harus glamor dengan lagu kocak, gaya unik, tawa khas, dan jargon I Love You Full! atext